Australia by Letter - C - Statistics

General Stats
  • This quiz has been taken 31 times
  • The average score is 6 of 10
Answer Stats
Hint Answer % Correct
Capital city of Australia Canberra
100%
This tropic crosses Australia Capricorn
93%
Saltwater and freshwater are Australia's two native species of this animal Crocodile
83%
City in Far North Queensland, adjoining the Great Barrier Reef Cairns
76%
Steve Irwin's famous catchphrase Crikey!
66%
Australians call it a chook. Its actual name is ... Chicken
52%
The sea on which the above city is located Coral Sea
52%
A white parrot with a distinctive yellow crest Cockatoo
45%
A gulf in northern Australia, named after Pieter de Carpentier Carpentaria
38%
Pub rock band whose hits include "Khe Sanh" and "Flame Trees" Cold Chisel
31%
No matching quizzes found
Score Distribution
Percent of People with Each Score
Percentile by Number Answered
Your Score History
You have not taken this quiz